| 000 | 00709cam a2200229 4500 | ||
|---|---|---|---|
| 001 | X105118 | ||
| 008 | 000000n2000 000 0 eng u | ||
| 035 | _a(Sirsi) u105118 | ||
| 245 | _aBerry v Newport BC | ||
| 260 | _c2000 | ||
| 490 |
_aNew Property Cases _v[2000] 27 NPC 1-2(2) |
||
| 520 | _aCA 16 March 2000. Assessment of damages where council house sold without disclosure of defects. Headnote from journal - No photocopying allowed. | ||
| 650 | _aBERRY V NEWPORT BC | ||
| 650 | _aHOUSING DEFECTS ACT 1984 | ||
| 650 | _aHOUSING ACT 1985 | ||
| 650 | _aLOCAL AUTHORITIES | ||
| 650 | _aNEGLIGENCE | ||
| 650 | _aDUTY OF CARE | ||
| 650 | _aDAMAGES | ||
| 690 | _aHOUSING-CASE LAW | ||
| 942 | _n0 | ||
| 999 |
_c63040 _d63040 |
||